000 00854nam a22002537a 4500
999 _c14608
_d14608
003 AR-CdUCM
008 190422b ||||| |||| 00| 0 spa d
020 _a978-84-236-6740-6
040 _aMUNICIPALIDAD PROVINCIAL DEL CUSCO
_cBIBLIOTECA MUNICIPAL DEL CUSCO
041 _heng
082 _aPI / 220 /
_bR72
_25ed.
100 _aRock, Lois
_933454
245 _aLa biblia para los niños /
260 _aBarcelona :
_bEdebé,
_c2003.
300 _a256 páginas ;
_bIlustraciones,
_c25 cm.
505 _aContenido: El Antiguo testamento -- El nuevo testamento.
650 _aLa biblia
_917692
650 _aLiteratura Infantil
_9588
650 _aEl antiguo Testamento para niños
_933007
650 _aEl nuevo Testamento para niños
_933008
700 _aLLerena, M. Carmen (traductor)
_933455
942 _2ddc
_cLIBROS
945 _acmm
_d2019-04-24